Cargando...

Technology of beet-sugar production and refining

Detalles Bibliográficos
Autor Principal: Silin, P. M.
Formato: Printed Book
Idioma:English
LEADER 00325nam a2200097Ia 4500
008 210227s9999||||xx |||||||||||||| ||eng||
100 |a Silin, P. M. 
245 0 |a Technology of beet-sugar production and refining 
942 |c BK 
999 |c 356829  |d 356829 
952 |0 0  |1 0  |4 0  |7 0  |9 413969  |a BOT  |b BOT  |c ST1  |d 2021-03-01  |l 0  |p BOT1476  |r 2021-03-01  |w 2021-03-01  |y BK